000 00940nam a22002297a 4500
999 _c16636
_d16636
003 AR-CdUCM
008 190504b ||||| |||| 00| 0 spa d
040 _aMUNICIPALIDAD PROVINCIAL DEL CUSCO
_cBIBLIOTECA MUNICIPAL DEL CUSCO
082 _a941.5 /
_bV61
245 _aViaje a través de los mitos Irlandeses /
260 _aBuenos Aires :
_bEspasa - Calpe Argentina,
_c1947.
300 _a145 páginas ;
_c19 cm.
440 _aColección Austral.
_9172
500 _aTexto "Anónimo".
505 _aContenido: El rey de la orejas de caballo -- Finn Mac Cumhail y Comán Maol en la casa de la roca -- Historia del pescador que se casó con una foca -- El hojalatero de Ballingarry y sus tres deseos -- Jack el amo y Jack el criado ...
650 _aHistortia
_936198
650 _aSiglo XX
_98
650 _aIrlanda
_93700
700 _aMirlas, León (versión castellana)
_936199
942 _2ddc
_cLIBROS
945 _aachl
_d2019-05-04